Misión y valores: la empresa en busca de su sentido
Saved in:
| Main Authors: | , |
|---|---|
| Format: | Bog |
| Sprog: | spansk |
| Udgivet: |
Buenos Aires
Gestión 2000
2006
|
| Udgivelse: | 1a. ed |
| Fag: | |
| Tags: |
Tilføj Tag
Ingen Tags, Vær først til at tagge denne postø!
|
MARC
| LEADER | 00000cam a2200000 a 4500 | ||
|---|---|---|---|
| 001 | UCD6873 | ||
| 003 | CL-VaPUC | ||
| 008 | 170303e20060000ag |||||||||||||||||spa|d | ||
| 020 | |a 9789872274115 | ||
| 082 | 0 | 4 | |a 658.1 |b BAL |2 21 |
| 100 | 0 | |a Ballvé, Alberto M |e author |9 590728 | |
| 700 | 0 | |a Debeljuh, Patricia |e author |9 590729 | |
| 245 | 1 | 0 | |a Misión y valores: la empresa en busca de su sentido |
| 250 | |a 1a. ed | ||
| 300 | |a 199 p | ||
| 942 | |c BK | ||
| 945 | |d 20170303 17:35:00 |a dcastane | ||
| 260 | |a Buenos Aires |b Gestión 2000 |c 2006 | ||
| 650 | 0 | |a Administración de empresas |9 260833 | |
| 650 | 7 | |a MISION |2 CL-VaPUC |9 398116 | |
| 650 | 0 | |a Responsabilidad social empresarial |9 525230 | |
| 583 | |a last modification |c 20170303 17:35:00 |k Rodrigo Vera | ||
| 999 | |c 367050 |d 367048 | ||
| 952 | |0 0 |1 0 |3 erb |4 0 |6 658_100000000000000_BAL_2006 |7 0 |8 A |9 481733 |a BIBENE |b BIBENE |i 5328608 |o 658.1 BAL 2006 |p 5328608 |r 2025-01-15 |w 2019-11-24 |y BK |z Catalogado en:20170303 |k ICO | ||